[Event "IBCA EU-ch blind"]
[Site "Ploiesti"]
[Date "2024.06.17"]
[Round "2"]
[White "Harnandan, Sergio"]
[Black "Dukaczewski, Piotr"]
[Result "0-1"]
[WhiteElo "1938"]
[BlackElo "2113"]
[PlyCount "46"]
[EventDate "2024.06.16"]
[EventType "swiss"]
[EventRounds "9"]
[EventCountry "ROU"]
[SourceTitle "CBM 220 Extra"]
[Source "ChessBase"]
[SourceDate "2024.07.31"]
[SourceVersion "1"]
[SourceVersionDate "2024.07.31"]
[SourceQuality "1"]

1. d4 d5 2. c4 dxc4 3. e3 e5 4. Bxc4 Nf6 5. Qb3 Qe7 6. dxe5 Nfd7 7. Nf3 Nc6 8. Bd2 Ndxe5 9. Nxe5 Nxe5 10. Be2 c6 11. h3 Be6 12. Qc2 Qg5 13. g3 0-0-0 14. e4 Qg6 15. Bf4 Bb4+ 16. Nd2 Bc4 17. Bg4+ Nxg4 18. Qxc4 Bxd2+ 19. Bxd2 Nxf2 20. Rf1 Nd3+ 21. Ke2 Rhe8 22. Ke3 Qxg3+ 23. Rf3 Qxf3+ 0-1

[Event "Wch Disabilities 5th"]
[Site "Lublin"]
[Date "2023.08.25"]
[Round "7"]
[White "Dukaczewski, Piotr"]
[Black "Egeman, Emilia"]
[Result "1-0"]
[WhiteElo "2095"]
[BlackElo "1870"]
[PlyCount "129"]
[EventDate "2023.08.19"]
[EventType "swiss"]
[EventRounds "9"]
[EventCountry "POL"]
[SourceTitle "CBM 215 Extra"]
[Source "ChessBase"]
[SourceDate "2023.09.30"]
[SourceVersion "1"]
[SourceVersionDate "2023.09.30"]
[SourceQuality "1"]

1. e4 c5 2. Nf3 d6 3. Bb5+ Nd7 4. 0-0 Ngf6 5. Re1 a6 6. Bd3 b5 7. c3 g6 8. Bc2 c4 9. d4 cxd3 10. Qxd3 Nc5 11. Qe2 Bg7 12. a4 bxa4 13. e5 dxe5 14. Qxe5 Ne6 15. Bxa4+ Bd7 16. Ng5 0-0 17. Bxd7 Nxd7 18. Qe2 Ndc5 19. Nxe6 Nxe6 20. Rxa6 Rxa6 21. Qxa6 Qd5 22. Qe2 Rd8 23. Na3 Bf6 24. Qc4 Qh5 25. Be3 Be5 26. h3 Rd1 27. Qf1 Rd5 28. Nc4 Bc7 29. f4 Qh4 30. Qf2 Qf6 31. g3 h5 32. Qf3 Rb5 33. Qe2 Rf5 34. h4 Nxf4 35. gxf4 Bxf4 36. Bxf4 Rxf4 37. Ne3 Qxh4 38. Ng2 Rg4 39. Qxe7 Qh3 40. Re2 Qf3 41. Qe8+ Kg7 42. Qe5+ Kh7 43. Rf2 Qb7 44. Kh2 f5 45. Rd2 Re4 46. Qd5 Qg7 47. Qd7 Re7 48. Qd4 Qh6 49. c4 g5 50. Ne3 Qe6 51. Nd5 Qd6+ 52. Kg2 Rf7 53. c5 Qc6 54. b4 h4 55. Qe5 g4 56. Qd6 h3+ 57. Kh2 Qb5 58. Qe6 Qb8+ 59. Qd6 Qb5 60. Ne7 g3+ 61. Qxg3 Rxe7 62. Qh4+ Kg6 63. Qxe7 Qxb4 64. Rd6+ Kh5 65. Qh7+ 1-0

[Event "Wch Disabilities 5th"]
[Site "Lublin"]
[Date "2023.08.24"]
[Round "6"]
[White "Szewczyk, Malwina"]
[Black "Dukaczewski, Piotr"]
[Result "0-1"]
[WhiteElo "1476"]
[BlackElo "2095"]
[PlyCount "86"]
[EventDate "2023.08.19"]
[EventType "swiss"]
[EventRounds "9"]
[EventCountry "POL"]
[SourceTitle "CBM 215 Extra"]
[Source "ChessBase"]
[SourceDate "2023.09.30"]
[SourceVersion "1"]
[SourceVersionDate "2023.09.30"]
[SourceQuality "1"]

1. e4 c5 2. d4 cxd4 3. c3 dxc3 4. Nxc3 Nc6 5. Nf3 d6 6. Bc4 a6 7. 0-0 Nf6 8. Qe2 e6 9. Rd1 Qc7 10. Bg5 Be7 11. Rac1 0-0 12. a3 Bd7 13. b4 h6 14. Be3 b5 15. Ba2 Qb7 16. Bf4 Qb8 17. e5 dxe5 18. Nxe5 Nxe5 19. Bxe5 Qb7 20. Ne4 Qxe4 21. Qxe4 Nxe4 22. Rxd7 Bf6 23. Bxf6 Nxf6 24. Rb7 Rac8 25. Rcc7 Rxc7 26. Rxc7 Rd8 27. h3 Kf8 28. Rc6 Rd1+ 29. Kh2 Ra1 30. Rc2 Ke7 31. Kg3 Kd6 32. f4 Nd5 33. Rd2 Rc1 34. Bxd5 exd5 35. Rd3 f5 36. Kf3 Rc4 37. g4 d4 38. gxf5 Rc3 39. Ke4 Rxd3 40. Kxd3 Kd5 41. h4 h5 42. f6 gxf6 43. f5 Ke5 0-1

[Event "IBCA EU-chT blind 03rd"]
[Site "Genova"]
[Date "2023.04.20"]
[Round "1.2"]
[White "Kostadinovski, Zoran"]
[Black "Dukaczewski, Piotr"]
[Result "0-1"]
[WhiteElo "1907"]
[BlackElo "2091"]
[PlyCount "106"]
[EventDate "2023.04.20"]
[EventType "team-swiss"]
[EventRounds "9"]
[EventCountry "ITA"]
[SourceTitle "CBM 213 Extra"]
[Source "ChessBase"]
[SourceDate "2023.05.31"]
[SourceVersion "1"]
[SourceVersionDate "2023.05.31"]
[SourceQuality "1"]
[WhiteTeam "Macedonia"]
[BlackTeam "Poland"]
[WhiteTeamCountry "MKD"]
[BlackTeamCountry "POL"]

1. d4 Nf6 2. Bf4 d6 3. c4 Nbd7 4. Nf3 g6 5. Nc3 Bg7 6. h3 0-0 7. e4 Nh5 8. Be3 e5 9. g4 Nf4 10. Bxf4 exf4 11. Qd2 c5 12. d5 Qa5 13. Be2 Re8 14. Bd3 f5 15. gxf5 gxf5 16. Rg1 Kh8 17. Rxg7 Kxg7 18. 0-0-0 Ne5 19. Qxf4 Nxf3 20. Qxf3 Qd8 21. Rg1+ Kh8 22. Qg3 Qf6 23. exf5 Bd7 24. Ne4 Qh6+ 25. Qg5 Qxg5+ 26. Nxg5 Rf8 27. Ne6 Rf6 28. Rg3 Rg8 29. Kd2 h5 30. Ke3 Re8 31. Rg5 Rh6 32. Kf4 Re7 33. h4 Be8 34. Be4 b5 35. cxb5 Bxb5 36. b3 Be8 37. Nf8 Rb7 38. Rg3 Rf6 39. Ne6 Rb4 40. Re3 Rf7 41. Kg5 a5 42. f6 a4 43. Nf4 Rf8 44. Bg6 Rxf4 45. Rxe8 R4xf6 46. Rxf8+ Rxf8 47. bxa4 Rxf2 48. Bxh5 Rxa2 49. Bd1 Rd2 50. Bf3 Rd4 51. a5 c4 52. a6 c3 53. a7 Ra4 0-1

[Event "FIDE Disabilities Olym"]
[Site "Belgrade"]
[Date "2023.01.30"]
[Round "?"]
[White "Dukaczewski, Piotr"]
[Black "Dorner, Matthias"]
[Result "0-1"]
[WhiteElo "2131"]
[BlackElo "2180"]
[PlyCount "96"]
[EventDate "2023.01.30"]
[EventType "team-swiss"]
[EventRounds "6"]
[EventCountry "SRB"]
[SourceTitle "CBM 212 Extra"]
[Source "ChessBase"]
[SourceDate "2023.03.31"]
[SourceVersion "1"]
[SourceVersionDate "2023.03.31"]
[SourceQuality "1"]
[WhiteTeam "Poland"]
[BlackTeam "Germany"]
[WhiteTeamCountry "POL"]
[BlackTeamCountry "GER"]

1. c4 c6 2. Nf3 d5 3. e3 Nf6 4. b3 Bf5 5. Bb2 e6 6. Be2 Nbd7 7. 0-0 Be7 8. Nh4 Bg6 9. g3 0-0 10. Nxg6 hxg6 11. d4 Ne4 12. Nd2 Nxd2 13. Qxd2 Nf6 14. Bf3 a5 15. Qc2 a4 16. bxa4 Qa5 17. Bd1 Ne4 18. c5 Bg5 19. Qd3 Rfe8 20. Bb3 Bf6 21. Rac1 e5 22. Rfd1 exd4 23. exd4 Re7 24. f3 Ng5 25. Bc3 Qa6 26. h4 Ne6 27. Qd2 Rae8 28. Rf1 Qa7 29. a5 Nxc5 30. Rf2 Ne6 31. Rd1 Nc7 32. Kg2 Nb5 33. Bb2 Re6 34. Bc2 Nd6 35. Bc3 Nc4 36. Qf4 Ne3+ 37. Kg1 Nxd1 38. Bxd1 Re3 39. Bd2 Bxd4 40. Kg2 R3e7 41. Rf1 Be3 42. Bxe3 Qxe3 43. Qb4 c5 44. Qb5 Qd2+ 45. Kh3 Re1 46. Ba4 R8e2 47. Rxe1 Rxe1 48. f4 f5 0-1

[Event "IBCA World-chT blind 9th"]
[Site "Ohrid"]
[Date "2022.06.29"]
[Round "2.4"]
[White "Dukaczewski, Piotr"]
[Black "Pirosca, Alexandru"]
[Result "1-0"]
[WhiteElo "2194"]
[BlackElo "1888"]
[PlyCount "85"]
[EventDate "2022.06.28"]
[EventType "team-swiss"]
[EventRounds "9"]
[EventCountry "MKD"]
[SourceTitle "EXT 2024"]
[Source "ChessBase"]
[SourceDate "2023.10.10"]
[SourceVersion "1"]
[SourceVersionDate "2023.10.10"]
[SourceQuality "1"]
[WhiteTeam "Poland"]
[BlackTeam "Romania"]
[WhiteTeamCountry "POL"]
[BlackTeamCountry "ROU"]

1. e4 c5 2. Nf3 Nc6 3. Bb5 g6 4. 0-0 Bg7 5. c3 Nf6 6. Re1 0-0 7. h3 a6 8. Ba4 b5 9. Bc2 e5 10. a4 Bb7 11. axb5 axb5 12. Rxa8 Bxa8 13. Na3 Qb6 14. Qe2 c4 15. d3 cxd3 16. Bxd3 b4 17. Be3 Qb8 18. Nb5 d5 19. Nd2 Rd8 20. Bg5 h6 21. Bxf6 Bxf6 22. exd5 Rxd5 23. Bc4 Rd7 24. Ne4 Kg7 25. Qg4 Qd8 26. Nxf6 Kxf6 27. cxb4 Kg7 28. Qg3 f6 29. Qc3 Qf8 30. Ra1 Bb7 31. Be6 Rd8 32. Qc5 Qe8 33. Nc7 Qf8 34. Bc4 Qxc5 35. bxc5 Rd2 36. b3 f5 37. Kf1 Kf6 38. Ke1 Rb2 39. Ne8+ Kg5 40. Nd6 Nd8 41. Nxb7 Nxb7 42. c6 Nd6 43. c7 1-0

[Event "Online Olym Disabilities"]
[Site "Tornelo INT"]
[Date "2020.11.21"]
[Round "1.17"]
[White "Yildirim, Cagri Seyfettin"]
[Black "Dukaczewski, Piotr"]
[Result "0-1"]
[WhiteElo "1516"]
[BlackElo "2163"]
[PlyCount "104"]
[EventDate "2020.11.21"]
[EventType "team-swiss (rapid)"]
[EventRounds "7"]
[EventCountry "NET"]
[SourceTitle "CBM 199 Extra"]
[Source "ChessBase"]
[SourceDate "2021.01.31"]
[SourceVersion "1"]
[SourceVersionDate "2021.01.31"]
[SourceQuality "1"]
[WhiteTeam "Turkey IV"]
[BlackTeam "Poland II"]
[WhiteTeamCountry "TUR"]
[BlackTeamCountry "POL"]

1. e4 e5 2. Nf3 Nc6 3. Bc4 Bc5 4. 0-0 Nf6 5. d3 0-0 6. c3 Bb6 7. Re1 d6 8. Bb3 h6 9. Nbd2 Bg4 10. Nf1 Re8 11. Ng3 Qd7 12. h3 Be6 13. Bc2 d5 14. Qe2 Rad8 15. exd5 Nxd5 16. Ne4 f5 17. Ng3 Nf4 18. Bxf4 exf4 19. Nf1 Bd5 20. Qd1 Rxe1 21. Nxe1 Ne5 22. d4 Ng6 23. Bb3 Kh8 24. Bxd5 Qxd5 25. Nf3 c5 26. N1h2 cxd4 27. Nxd4 Ne5 28. Nhf3 Nxf3+ 29. Qxf3 Bxd4 30. cxd4 Qxf3 31. gxf3 Rxd4 32. Rc1 Rd2 33. Rb1 Kh7 34. Kf1 Kg6 35. Kg2 Kf6 36. Kf1 g5 37. Ke1 Rc2 38. Kf1 b5 39. Ke1 a5 40. Kf1 a4 41. Ke1 b4 42. a3 b3 43. Kf1 h5 44. Kg2 Ke5 45. Kf1 Kd4 46. Ke1 g4 47. hxg4 fxg4 48. fxg4 hxg4 49. Kf1 Ke4 50. Kg2 g3 51. Rf1 Rxb2 52. Kh3 Rxf2 0-1

[Event "POL-Cup blind"]
[Site "Dzwirzyno"]
[Date "2019.09.06"]
[Round "7"]
[White "Dukaczewski, Piotr"]
[Black "Zoltek, Tadeusz"]
[Result "0-1"]
[WhiteElo "2242"]
[BlackElo "2094"]
[PlyCount "58"]
[EventDate "2019.09.02"]
[EventType "swiss"]
[EventRounds "9"]
[EventCountry "POL"]
[SourceTitle "EXT 2020"]
[Source "ChessBase"]
[SourceDate "2019.10.17"]
[SourceVersion "1"]
[SourceVersionDate "2019.10.17"]
[SourceQuality "1"]

1. e4 Nf6 2. e5 Nd5 3. d4 d6 4. c4 Nb6 5. exd6 exd6 6. h3 Be7 7. Bd3 Nc6 8. Nf3 Nb4 9. Be2 Bf5 10. Na3 0-0 11. Be3 d5 12. c5 Nc4 13. Nxc4 Nc2+ 14. Kf1 dxc4 15. Rc1 Nxe3+ 16. fxe3 b5 17. cxb6 axb6 18. Bxc4 b5 19. Bxb5 Rxa2 20. Qb3 Be6 21. Bc4 Bxc4+ 22. Rxc4 Ra1+ 23. Ne1 Bh4 24. Ke2 Qf6 25. Qc3 Qf2+ 26. Kd3 Rd1+ 27. Ke4 Re8+ 28. Kd5 Qf5+ 29. Kc6 Qe6+ 0-1

[Event "POL-Cup blind"]
[Site "Dzwirzyno"]
[Date "2019.09.05"]
[Round "5"]
[White "Dukaczewski, Piotr"]
[Black "Migala, Andrzej"]
[Result "1-0"]
[WhiteElo "2242"]
[BlackElo "2073"]
[PlyCount "81"]
[EventDate "2019.09.02"]
[EventType "swiss"]
[EventRounds "9"]
[EventCountry "POL"]
[SourceTitle "EXT 2020"]
[Source "ChessBase"]
[SourceDate "2019.10.17"]
[SourceVersion "1"]
[SourceVersionDate "2019.10.17"]
[SourceQuality "1"]

1. c4 c5 2. Nc3 Nc6 3. Nf3 e5 4. d3 g6 5. g3 Bg7 6. Bg2 Nge7 7. 0-0 d6 8. a3 0-0 9. Rb1 a5 10. e3 h6 11. Ne1 Be6 12. Nd5 Rb8 13. Qa4 b5 14. Nxe7+ Nxe7 15. cxb5 Qb6 16. Bd2 Qxb5 17. Qxa5 Ba2 18. Qxb5 Rxb5 19. Ra1 Rxb2 20. Bc1 Rb1 21. Rxa2 Rxc1 22. Nc2 Rxf1+ 23. Kxf1 Rb8 24. a4 d5 25. a5 Kf8 26. a6 Ke8 27. Ra5 Ra8 28. Na3 Kd7 29. e4 d4 30. Nc4 Kc7 31. f4 Nc6 32. Rxc5 f6 33. Bh3 Rxa6 34. Rd5 Bf8 35. Rd7+ Kb8 36. Rh7 Ra1+ 37. Kg2 Ra2+ 38. Kf3 Bb4 39. Bd7 h5 40. Bxc6 Be1 41. Rb7+ 1-0

[Event "POL-Cup blind"]
[Site "Dzwirzyno"]
[Date "2019.09.04"]
[Round "4"]
[White "Wojcieszyn, Zdzislaw"]
[Black "Dukaczewski, Piotr"]
[Result "0-1"]
[WhiteElo "1933"]
[BlackElo "2242"]
[PlyCount "34"]
[EventDate "2019.09.02"]
[EventType "swiss"]
[EventRounds "9"]
[EventCountry "POL"]
[SourceTitle "EXT 2020"]
[Source "ChessBase"]
[SourceDate "2019.10.17"]
[SourceVersion "1"]
[SourceVersionDate "2019.10.17"]
[SourceQuality "1"]

1. c4 g6 2. Nc3 Bg7 3. g3 d6 4. Bg2 f5 5. d3 e5 6. e4 Nf6 7. Bg5 h6 8. Bd2 0-0 9. Nge2 c6 10. 0-0 f4 11. gxf4 Nh5 12. f5 gxf5 13. Ng3 Nxg3 14. fxg3 Na6 15. Qh5 f4 16. Bh3 Qb6+ 17. Rf2 fxg3 0-1

[Event "IBCA Wch blind 14th"]
[Site "Cagliari"]
[Date "2019.04.13"]
[Round "8"]
[White "Nikac, Predrag"]
[Black "Dukaczewski, Piotr"]
[Result "1-0"]
[WhiteElo "2297"]
[BlackElo "2225"]
[PlyCount "65"]
[EventDate "2019.04.06"]
[EventType "swiss"]
[EventRounds "9"]
[EventCountry "ITA"]
[SourceTitle "CBM 189 Extra"]
[Source "ChessBase"]
[SourceDate "2019.05.31"]
[SourceVersion "1"]
[SourceVersionDate "2019.05.31"]
[SourceQuality "1"]

1. e4 c5 2. Nf3 d6 3. d4 cxd4 4. Nxd4 Nf6 5. Nc3 Nc6 6. Bc4 e6 7. 0-0 a6 8. Be3 Qc7 9. Bb3 Be7 10. f4 Na5 11. Qf3 0-0 12. Rae1 Nxb3 13. cxb3 e5 14. Nf5 Bxf5 15. exf5 Rfe8 16. Rc1 Qa5 17. a3 e4 18. Qh3 b5 19. b4 Qd8 20. g4 Bf8 21. g5 Nd7 22. Nd5 Rc8 23. Qg2 g6 24. f6 Nb8 25. Qg4 Qd7 26. Qxd7 Nxd7 27. Rxc8 Rxc8 28. Rc1 Rxc1+ 29. Bxc1 h6 30. h4 hxg5 31. hxg5 Bh6 32. gxh6 Kh7 33. Kf2 1-0

[Event "IBCA Wch blind 14th"]
[Site "Cagliari"]
[Date "2019.04.08"]
[Round "3"]
[White "Avram, Sretko"]
[Black "Dukaczewski, Piotr"]
[Result "0-1"]
[WhiteElo "2120"]
[BlackElo "2225"]
[PlyCount "77"]
[EventDate "2019.04.06"]
[EventType "swiss"]
[EventRounds "9"]
[EventCountry "ITA"]
[SourceTitle "CBM 189 Extra"]
[Source "ChessBase"]
[SourceDate "2019.05.31"]
[SourceVersion "1"]
[SourceVersionDate "2019.05.31"]
[SourceQuality "1"]

1. Nf3 Nf6 2. c4 g6 3. b3 Bg7 4. Bb2 d6 5. d4 0-0 6. g3 e5 7. dxe5 Nfd7 8. Bg2 dxe5 9. Nc3 Re8 10. e4 c6 11. 0-0 a5 12. Qd2 Na6 13. Rfd1 Nac5 14. Rac1 Qb6 15. Ba3 Ne6 16. Na4 Qd8 17. Bb2 f6 18. Bh3 Bf8 19. c5 Ndxc5 20. Qxd8 Nxd8 21. Nb6 Bxh3 22. Nxa8 Bg4 23. Kg2 Nde6 24. Nb6 Nxe4 25. h3 Bf5 26. Nd7 Bh6 27. Ra1 Kf7 28. g4 Nf4+ 29. Kf1 Be6 30. Ng1 Nd5 31. Nxe5+ fxe5 32. Bxe5 Nf4 33. f3 Nc5 34. Bc7 a4 35. Bd6 Ncd3 36. Bxf4 Nxf4 37. bxa4 Nd5 38. Rd3 Nb4 39. Rad1 0-1

[Event "IBCA Wch blind 14th"]
[Site "Cagliari"]
[Date "2019.04.07"]
[Round "2"]
[White "Dukaczewski, Piotr"]
[Black "Grybas, Gintaras"]
[Result "1-0"]
[WhiteElo "2225"]
[BlackElo "2006"]
[PlyCount "111"]
[EventDate "2019.04.06"]
[EventType "swiss"]
[EventRounds "9"]
[EventCountry "ITA"]
[SourceTitle "CBM 189 Extra"]
[Source "ChessBase"]
[SourceDate "2019.05.31"]
[SourceVersion "1"]
[SourceVersionDate "2019.05.31"]
[SourceQuality "1"]

1. e4 c6 2. d4 d5 3. Nc3 dxe4 4. Nxe4 Bf5 5. Qf3 Qd5 6. Bd3 Bxe4 7. Qxe4 Qxe4+ 8. Bxe4 e6 9. Nf3 Nf6 10. Bd3 Bd6 11. 0-0 0-0 12. Re1 Nbd7 13. c3 c5 14. Bc2 Rfd8 15. a4 a6 16. dxc5 Bxc5 17. h3 b5 18. Bg5 h6 19. Bh4 b4 20. c4 b3 21. Bd1 Bb4 22. Re3 Nc5 23. Bxb3 Bd2 24. Nxd2 Rxd2 25. Bd1 Rxb2 26. f3 Rab8 27. Bf2 Rb1 28. Rea3 Nfd7 29. Kf1 Rxa1 30. Rxa1 Rb4 31. Rc1 Nd3 32. Rc3 Nxf2 33. Kxf2 Nc5 34. Ke3 e5 35. f4 f6 36. fxe5 fxe5 37. a5 Kf7 38. h4 Rb1 39. Bh5+ Ke7 40. Ke2 Rb2+ 41. Kf1 Rb3 42. Rc2 Rb1+ 43. Kf2 Ra1 44. Re2 Nd7 45. Rb2 Rxa5 46. Rb7 Kd6 47. Bg4 Nf6 48. Rxg7 e4 49. Ke3 Ra3+ 50. Kf4 Ra2 51. Rg6 Ke7 52. Bf5 Kf7 53. g4 Ra5 54. Rxh6 e3 55. g5 Re5 56. Rxf6+ 1-0

[Event "POL-ch blind"]
[Site "Ustron"]
[Date "2019.03.18"]
[Round "9"]
[White "Migala, Andrzej"]
[Black "Dukaczewski, Piotr"]
[Result "1/2-1/2"]
[WhiteElo "2016"]
[BlackElo "2226"]
[PlyCount "20"]
[EventDate "2019.03.11"]
[EventType "swiss"]
[EventRounds "9"]
[EventCountry "POL"]
[SourceTitle "EXT 2020"]
[Source "ChessBase"]
[SourceDate "2019.10.17"]
[SourceVersion "1"]
[SourceVersionDate "2019.10.17"]
[SourceQuality "1"]

1. e4 d6 2. d4 Nf6 3. Nc3 g6 4. g3 Bg7 5. Bg2 0-0 6. Nge2 c6 7. a4 Nbd7 8. 0-0 e5 9. h3 Qc7 10. Re1 Re8 1/2-1/2

[Event "POL-ch blind"]
[Site "Ustron"]
[Date "2019.03.13"]
[Round "4"]
[White "Dukaczewski, Piotr"]
[Black "Stachanczyk, Jacek"]
[Result "1/2-1/2"]
[WhiteElo "2226"]
[BlackElo "2165"]
[PlyCount "24"]
[EventDate "2019.03.11"]
[EventType "swiss"]
[EventRounds "9"]
[EventCountry "POL"]
[SourceTitle "EXT 2020"]
[Source "ChessBase"]
[SourceDate "2019.10.17"]
[SourceVersion "1"]
[SourceVersionDate "2019.10.17"]
[SourceQuality "1"]

1. d4 c5 2. d5 Nf6 3. c4 e6 4. Nc3 exd5 5. cxd5 g6 6. g3 d6 7. Bg2 Bg7 8. Nf3 0-0 9. 0-0 Re8 10. Nd2 Nbd7 11. a4 a6 12. Nc4 Ne5 1/2-1/2

[Event "POL-ch blind"]
[Site "Ustron"]
[Date "2019.03.12"]
[Round "3"]
[White "Stolarczyk, Anna"]
[Black "Dukaczewski, Piotr"]
[Result "0-1"]
[WhiteElo "1918"]
[BlackElo "2226"]
[PlyCount "72"]
[EventDate "2019.03.11"]
[EventType "swiss"]
[EventRounds "9"]
[EventCountry "POL"]
[SourceTitle "EXT 2020"]
[Source "ChessBase"]
[SourceDate "2019.10.17"]
[SourceVersion "1"]
[SourceVersionDate "2019.10.17"]
[SourceQuality "1"]

1. d4 f5 2. c4 Nf6 3. Nf3 g6 4. g3 Bg7 5. Bg2 0-0 6. 0-0 d6 7. Nc3 c6 8. Rb1 a5 9. a3 Qe8 10. d5 e5 11. dxc6 Nxc6 12. Qxd6 e4 13. Nd2 Qf7 14. Nb5 Rd8 15. Qc7 Rd7 16. Qb6 Ra6 17. Qe3 Ng4 18. Qb3 a4 19. Qc2 Nd4 20. Nxd4 Bxd4 21. e3 Bg7 22. b3 axb3 23. Rxb3 Rad6 24. f3 exf3 25. Bxf3 Qe7 26. Bd5+ Kh8 27. Nf3 Rc7 28. e4 fxe4 29. Bxe4 Nf6 30. Bd3 Bh3 31. Re1 Re6 32. Rxe6 Qxe6 33. Qe2 Qc6 34. Bf4 Rc8 35. Ng5 Re8 36. Be3 Rxe3 0-1

[Event "Olympiad-43"]
[Site "Batumi"]
[Date "2018.09.28"]
[Round "5.35"]
[White "Sousa, Andre Ventura"]
[Black "Dukaczewski, Piotr"]
[Result "1-0"]
[WhiteElo "2365"]
[BlackElo "2259"]
[PlyCount "121"]
[EventDate "2018.09.24"]
[EventType "team-swiss"]
[EventRounds "11"]
[EventCountry "GEO"]
[SourceTitle "CBM 187"]
[Source "ChessBase"]
[SourceDate "2018.12.11"]
[SourceVersion "1"]
[SourceVersionDate "2018.12.11"]
[SourceQuality "1"]
[WhiteTeam "Portugal"]
[BlackTeam "IBCA"]
[WhiteTeamCountry "POR"]

1. e4 c5 2. Nf3 d6 3. c3 Nf6 4. Be2 Nc6 5. d4 e5 6. 0-0 Be7 7. dxe5 dxe5 8. Qc2 a6 9. Nbd2 Qc7 10. a4 0-0 11. Nc4 Bg4 12. Ne3 Bxf3 13. Bxf3 g6 14. Be2 Rab8 15. g4 Bd6 16. g5 Ne8 17. Qd3 b5 18. axb5 axb5 19. Nd5 Qb7 20. Bg4 Ne7 21. Rd1 Rd8 22. Be3 Nxd5 23. Qxd5 Qxd5 24. Rxd5 f5 25. Bd1 Nc7 26. Rxd6 Rxd6 27. Bxc5 Rd2 28. Bb3+ Kg7 29. Ra7 Rd7 30. Bxf8+ Kxf8 31. exf5 gxf5 32. h4 Ke7 33. h5 Kd6 34. h6 Rd8 35. Kg2 e4 36. Kg3 Rf8 37. Kf4 Kc6 38. Ke5 Kb6 39. Ra1 Na6 40. g6 Nc5 41. Bf7 hxg6 42. h7 Nd7+ 43. Ke6 Rh8 44. Bg8 Nf8+ 45. Kf7 Nxh7 46. Kg7 Rxg8+ 47. Kxg8 Nf6+ 48. Kf7 Ng4 49. Kxg6 Nxf2 50. Kxf5 e3 51. Re1 Nd3 52. Re2 Kc5 53. Ke4 Nc1 54. Re1 Na2 55. Ra1 Nxc3+ 56. bxc3 Kc4 57. Kxe3 Kxc3 58. Rc1+ Kb2 59. Kd2 b4 60. Rc8 b3 61. Rb8 1-0

[Event "Berlin Lichtenrade op 12th"]
[Site "Berlin"]
[Date "2016.10.27"]
[Round "6"]
[White "Dukaczewski, Piotr"]
[Black "Llopis de Aysa, Manuel"]
[Result "0-1"]
[WhiteElo "2201"]
[BlackElo "2023"]
[PlyCount "84"]
[EventDate "2016.10.22"]
[EventType "swiss"]
[EventRounds "9"]
[EventCountry "GER"]
[SourceTitle "EXT 2018"]
[Source "ChessBase"]
[SourceDate "2017.10.13"]
[SourceVersion "1"]
[SourceVersionDate "2017.10.13"]
[SourceQuality "1"]

1. c4 g6 2. Nc3 Bg7 3. d4 d6 4. e4 e5 5. Nge2 Nd7 6. Be3 Ne7 7. Qd2 0-0 8. h4 f5 9. f3 fxe4 10. Nxe4 Nf5 11. Bg5 Qe8 12. d5 h6 13. Be3 Nxe3 14. Qxe3 Nf6 15. N2c3 Nxe4 16. Nxe4 Bf5 17. Bd3 Qf7 18. g3 b5 19. 0-0 bxc4 20. Bxc4 Bxe4 21. fxe4 Qd7 22. Kg2 Qa4 23. Rfc1 Rf7 24. Rc3 Raf8 25. a3 Kh7 26. Rac1 h5 27. R1c2 Bh6 28. Qg1 Kg8 29. b4 Qd7 30. Be2 Qd8 31. Qxa7 c5 32. Qa6 Rf2+ 33. Kg1 Qd7 34. g4 Qf7 35. Qd3 Qf4 36. Qg3 Rf1+ 37. Kg2 Qf2+ 38. Qxf2 R8xf2+ 39. Kh3 Rh1+ 40. Kg3 Rhh2 41. gxh5 Bf4+ 42. Kg4 Rfg2+ 0-1

[Event "POL-ch blind"]
[Site "Wagrowiec"]
[Date "2016.06.05"]
[Round "10"]
[White "Zoltek, Tadeusz"]
[Black "Dukaczewski, Piotr"]
[Result "0-1"]
[WhiteElo "2100"]
[BlackElo "2254"]
[PlyCount "42"]
[EventDate "2016.05.28"]
[EventType "tourn"]
[EventRounds "11"]
[EventCountry "POL"]
[SourceTitle "EXT 2018"]
[Source "ChessBase"]
[SourceDate "2017.10.13"]
[SourceVersion "1"]
[SourceVersionDate "2017.10.13"]
[SourceQuality "1"]

1. Nf3 d5 2. d4 Nf6 3. c4 dxc4 4. e3 e6 5. Bxc4 c5 6. 0-0 a6 7. a4 Nc6 8. Qe2 Be7 9. Rd1 cxd4 10. Nxd4 Nxd4 11. Rxd4 Qc7 12. Nc3 0-0 13. Rd1 Bd7 14. Bd3 Rac8 15. e4 Bd6 16. g3 Be5 17. Bd2 Rfd8 18. Rac1 Qb6 19. Be3 Qb4 20. Bg5 Bxa4 21. Nxa4 Qxa4 0-1

[Event "London Classic op 7th"]
[Site "London"]
[Date "2015.12.11"]
[Round "9"]
[White "Rogiers, Jan"]
[Black "Dukaczewski, Piotr"]
[Result "1/2-1/2"]
[WhiteElo "2145"]
[BlackElo "2280"]
[PlyCount "106"]
[EventDate "2015.12.04"]
[EventType "swiss"]
[EventRounds "9"]
[EventCountry "ENG"]
[SourceTitle "CBM 169 Extra"]
[Source "ChessBase"]
[SourceDate "2015.12.18"]
[SourceVersion "1"]
[SourceVersionDate "2015.12.18"]
[SourceQuality "1"]

1. d4 Nf6 2. c4 g6 3. Nc3 Bg7 4. e4 d6 5. Be2 0-0 6. Nf3 e5 7. 0-0 Nc6 8. d5 Ne7 9. Ne1 Nd7 10. Nd3 f5 11. f3 Nf6 12. Bd2 f4 13. Rc1 g5 14. c5 Ng6 15. Nb5 Ne8 16. Ba5 dxc5 17. Be1 b6 18. b4 a6 19. Na3 cxb4 20. Nxb4 Nd6 21. Nc6 Qd7 22. Nc4 Nxc4 23. Bxc4 Kh8 24. Bb4 Bb7 25. a4 Rfe8 26. h3 Bf8 27. Qe2 Bxb4 28. Nxb4 Qxa4 29. Rb1 b5 30. Ba2 Qa5 31. Rfc1 Qb6+ 32. Kh1 Rad8 33. Nd3 Re7 34. Nc5 Bc8 35. Qb2 h5 36. Nxa6 Bxa6 37. Rc6 Qd4 38. Rxg6 Qxb2 39. Rxb2 Rd6 40. Rxg5 Rh6 41. h4 Kh7 42. Rc2 b4 43. Rb2 Rb6 44. Rxh5+ Kg6 45. Rg5+ Kf6 46. Kh2 Bc8 47. Bb3 Rh7 48. g3 c5 49. dxc6 Rxc6 50. Bg8 Rh8 51. Rxb4 Rc2+ 52. Kg1 Rc1+ 53. Kg2 Rc2+ 1/2-1/2

[Event "London Classic op 7th"]
[Site "London"]
[Date "2015.12.08"]
[Round "6"]
[White "Dukaczewski, Piotr"]
[Black "Ditmas, Hugh"]
[Result "1-0"]
[WhiteElo "2280"]
[BlackElo "1941"]
[PlyCount "87"]
[EventDate "2015.12.04"]
[EventType "swiss"]
[EventRounds "9"]
[EventCountry "ENG"]
[SourceTitle "CBM 169 Extra"]
[Source "ChessBase"]
[SourceDate "2015.12.18"]
[SourceVersion "1"]
[SourceVersionDate "2015.12.18"]
[SourceQuality "1"]

1. e4 c5 2. Nf3 Nc6 3. Bb5 e6 4. 0-0 Nge7 5. Re1 a6 6. Bf1 Ng6 7. c3 Be7 8. d4 cxd4 9. cxd4 d5 10. e5 0-0 11. Be3 Nh4 12. Nxh4 Bxh4 13. Qg4 f5 14. Qh5 g6 15. Qd1 Bd7 16. g3 Bg5 17. Bxg5 Qxg5 18. f4 Qe7 19. Qd2 b5 20. Nc3 Rfc8 21. a3 Qd8 22. b4 Qb6 23. Ne2 Rc7 24. Rac1 Rac8 25. Rc5 Ne7 26. Rec1 Qb7 27. Qc3 Rxc5 28. dxc5 Nc6 29. Bg2 Be8 30. Rd1 Qc7 31. Qb3 Rd8 32. Nc3 Ne7 33. a4 bxa4 34. Nxa4 Bb5 35. Nb6 Kg7 36. Ra1 Nc8 37. Nxc8 Rxc8 38. Bf1 Qc6 39. Bg2 Rb8 40. h3 Bc4 41. Qxc4 dxc4 42. Bxc6 Rxb4 43. Rc1 a5 44. Ba4 1-0